Final report of Jhansi District (Record no. 696612)

MARC details
000 -LEADER
fixed length control field 00747nam a2200253Ia 4500
003 - CONTROL NUMBER IDENTIFIER
control field OSt
005 - DATE AND TIME OF LATEST TRANSACTION
control field 20220927110420.0
008 - FIXED-LENGTH DATA ELEMENTS--GENERAL INFORMATION
fixed length control field 220926b |||||||| |||| 00| 0 eng d
037 ## - SOURCE OF ACQUISITION
Terms of availability Reports
040 ## - CATALOGING SOURCE
Original cataloging agency RTL
Transcribing agency RTL
Language of cataloging eng
041 ## - LANGUAGE CODE
Source of code eng
Language code of text/sound track or separate title eng
110 ## - MAIN ENTRY--CORPORATE NAME
Corporate name or jurisdiction name as entry element "Uttar Paradesh, Government Of ..."
9 (RLIN) 378099
245 #0 - TITLE STATEMENT
Title Final report of Jhansi District
260 ## - PUBLICATION, DISTRIBUTION, ETC.
Place of publication, distribution, etc. Allahabad
Name of publisher, distributor, etc. Supted Priniting and Stationery India
Date of publication, distribution, etc. 1947
300 ## - PHYSICAL DESCRIPTION
Extent 50p.
Dimensions cm.
650 ## - SUBJECT ADDED ENTRY--TOPICAL TERM
Topical term or geographic name entry element Land Taxation
700 ## - ADDED ENTRY--PERSONAL NAME
Personal name "Uttar Paradesh, Government Of ..."
9 (RLIN) 378100
942 ## - ADDED ENTRY ELEMENTS (KOHA)
Classification part "X723.25233.N4t, H7"
Koha item type

No items available.

Copyright @ Delhi University Library System